|
|
|
|
| LEADER |
00000nam a2200000Ia 4500 |
| 008 |
180912b1998 cl ||||| |||| 00| | spa d |
| 999 |
|
|
|c 2386
|d 2386
|
| 090 |
|
|
|a 19.02.08
|b 963
|
| 110 |
|
|
|a Programa de Promoción de la Reforma Educativa en América Latina y el Caribe
|9 450
|
| 245 |
1 |
0 |
|a El futuro está en juego /
|c Programa de Promoción de la Reforma Educativa en América Latina y el Caribe
|
| 260 |
|
|
|a Santiago de Chile :
|b PREAL,
|c 1998
|
| 300 |
|
|
|a 29 páginas
|
| 650 |
1 |
4 |
|a EQUIDAD
|9 343
|
| 650 |
1 |
4 |
|a EDUCACIÓN
|9 1
|
| 650 |
1 |
4 |
|a CRISIS DE LA EDUCACIÓN
|9 1410
|
| 650 |
1 |
4 |
|a COMPETITIVIDAD
|9 2560
|
| 650 |
1 |
4 |
|a INFORMES
|9 267
|
| 942 |
|
|
|i 001600 ,001604
|h 19.02.08 963
|2 z
|c 01
|